02409cam a22002055a 4500003000900000005001700009008004100026020001800067040002800085082001800113100003900131245011700170250008400287260003900371300004000410520157600450600006502026650005902091650005302150CO-ViMGA20230915233135.0141031s2014 ck a gr 000 0 spa  a9789587575347 aCO-ViMGAbspacCO-ViMGA04a928.61 bG17n10aGarcia Marquez, Gabrield1927-201413aLa nostalgia de las almendras amargas cGabriel Garcia Marquez ; seleccion y prologo Juan Esteban Constain Croce aEdicion especial para El Ministerio de Cultura, Biblioteca Nacional de Colombia aBogota bIntermedio Editoresc2014 a234 pg̀inas bilustracionesc25 cm1 a"Este libro puede leerse de diversas formas: como un tesoro que revela unas joyas conocidas pero perdidas, como el testimonio de un autor querido y admirado, o como un manual para escritores -tanto periodistas como literatos, niveles o expertos- lleno de anecdotas, consejos y confidencias. Es, en realidad, una serie de textos de Gabriel Garcia Marquez publicados en la revista Cambio entre 1999 y 2002 que incluye varios de sus mas admirados perfiles, uno que otro reportaje, algunas entrevistas que le hicieran pero, sobre todo, las respuestas que diera a sus lectores sobre sus libros, sus personajes, es decir, sobre el trabajo n̕timo del escritor ms̀ importante en lengua castellana de los tiempos modernos. El Tiempo Casa Editorial e Intermedio Editores rinden, con esta publicacin̤, un sencillo homenaje a nuestro premio Nobel, tras cien da̕s de su desaparición, con el propósito de aportar un grano de arena al mejor conocimiento de su obra y, sobre todo, con el fin de rescatar su voz mas íntima. En palabras de Juan Esteban Constain, autor del prologo y de la selección de estos textos. Este libro es un homenaje al talento del colombiano mas grande de todos los tiempos: el que mejor supo desentrañar, con sus libros y sus palabras y sus intuiciones, el misterio de lo que somos. Pero es también un homenaje a sus lectores, para que renueven con ľ, aunque sea un poco, la nostalgia de las almendras amargas y el olor de la guayaba. El milagro de un estilo que morir c̀on el mundo, no antes ni después". (Tomado de la contra- caratula) 14aGarcia Marquez, Gabrield1927-2014xCritica e interpretacion14aEscritores colombianosxCritica e interpretacion2LEMB14aLiteratura colombiana 2LEMBvHistoria y crtiica